00952nam a2200241Ia 4500003000400000005001700004008004100021020001800062040001800080041000800098082002100106100003200127245010200159250001200261260006600273300002900339650005600368650005900424700002900483942003000512999001900542952014900561OSt20220218140428.0210716s2009 xx 000 0 und d a9789352607730 cAIMIT LIBRARY aeng a658.81 23bHAVK aHavaldar, Krishna K.920895 aSales and distribution management :btext and cases /cBy Krishna K Havaldar and Vasant M Cavale. a3rd ed. aNew Delhi :bTata McGraw Hill Publishing Company Ltd ,c2009. aXxxviii, 875p. ;c24 cm. aMarket logistics and supply chain management920896 aInternational sales and distribution management920897 aCavale, Vasant M.920898 2ddccBKe3rdk658.81 HAVK c210863d210863 001040708MBAaAIMITbAIMITd2019-03-02g695.00l3o658.81 HAVKpMBA13431q2026-05-27r2026-04-27 16:32:18s2026-04-27v556.00w2021-07-16yBK